<The> baby boom and the housing market. Another look at the evidence.
Posudzovanie názorov Mankiwa a Weila na rast dopytu po bytoch v dôsledku rastu pôrodnosti v r. 1947-1987. Rast pôrodnosti ako hlavný faktor rastu reálnych investícií a poklesu reálnych cien bytov. Efektívnosť trhu bytov.
Salvato in:
| Autore principale: | |
|---|---|
| Natura: | Capitolo di libro |
| Lingua: | inglese |
| Soggetti: | |
| Tags: |
Nessun Tag, puoi essere il primo ad aggiungerne!!
|
MARC
| LEADER | 00000naa a2200000 4500 | ||
|---|---|---|---|
| 001 | r008922 | ||
| 005 | 20221208123044.8 | ||
| 041 | 0 | |a eng | |
| 044 | |a NL | ||
| 245 | 1 | 0 | |a <The> baby boom and the housing market. Another look at the evidence. |c A.S. Holland |
| 520 | |a Posudzovanie názorov Mankiwa a Weila na rast dopytu po bytoch v dôsledku rastu pôrodnosti v r. 1947-1987. Rast pôrodnosti ako hlavný faktor rastu reálnych investícií a poklesu reálnych cien bytov. Efektívnosť trhu bytov. | ||
| 610 | 2 | 0 | |a trh |
| 610 | 2 | 0 | |a byty |
| 610 | 2 | 0 | |a dopyt |
| 610 | 2 | 0 | |a pôrodnosť |
| 610 | 2 | 0 | |a 1947-1987 |
| 610 | 2 | 0 | |a efektívnosť |
| 610 | 2 | 0 | |a ceny |
| 610 | 2 | 0 | |a investície |
| 100 | 1 | |a Holland, A.S. | |